Normal view
MARC view
- Munkres , James R
Entry Personal Name
001 - CONTROL NUMBER
- control field: 5407
003 - CONTROL NUMBER IDENTIFIER
- control field: JO-AjAnu
005 - DATE AND TIME OF LATEST TRANSACTION
- control field: 20230606071158.0
008 - FIXED-LENGTH DATA ELEMENTS
- fixed length control field: 230606|| aca||aabn | a|a d
040 ## - CATALOGING SOURCE
- Original cataloging agency: JO-AjAnu
- Transcribing agency: JO-AjAnu
100 ## - HEADING--PERSONAL NAME
- Personal name: Munkres , James R
670 ## - SOURCE DATA FOUND
- Source citation: Work cat.: (JO-AjAnu)2790: Munkres , James R, author, Topology: A first course